Greater Antilles Multiple Choice - Statistics

General Stats
  • This quiz has been taken 88 times
  • The average score is 12 of 15
Answer Stats
Question Answer % Correct
Has been led by Fulgencio Batista and Fidel Castro Cuba
100%
These two countries have "opposite" flags Cuba and Puerto Rico
100%
The revolution led by General Toussaint Louverture led to this country's independence Haiti
100%
Has by far the lowest nominal gross domestic product (GDP) per capita Haiti
100%
Its most commonly spoken language is English Jamaica
100%
Is not a sovereign state Puerto Rico
100%
The United States have had a financial embargo with this country for many years. Cuba
83%
Gained independence from one of the others Dominican Republic
83%
Is the largest Cuba
67%
Has the most international tourists (2018) Dominican Republic
67%
Its capital has two words Dominican Republic and Puerto Rico
67%
Is the birthplace to Mary Seacole, a pioneer nurse, who built a hospital for soldiers in the Crimean War. Jamaica
67%
Is the smallest Puerto Rico
50%
Was the first to be reached by Christopher Columbus Cuba
33%
Used to be a tax haven for many pharmaceutical companies Puerto Rico
33%
No matching quizzes found
Score Distribution
Percent of People with Each Score
Percentile by Number Answered
Your Score History
You have not taken this quiz